| 000 | 00725cam a22002533a 4500 | ||
|---|---|---|---|
| 001 | 30905 | ||
| 003 | PGUSA | ||
| 005 | 20140828083652.0 | ||
| 008 | 100109s2010||||xxu|||||s|||||000 1 eng d | ||
| 040 |
_aPGUSA _beng |
||
| 042 | _adc | ||
| 050 | 4 | _aPZ | |
| 100 | 1 |
_aSeaman, Augusta Huiell, _d1879-1950 |
|
| 245 | 1 | 4 |
_aThe Boarded-Up House _h[electronic resource] / _cAugusta Huiell Seaman |
| 260 |
_bProject Gutenberg, _c2010 |
||
| 506 | _aPublic domain in the USA. | ||
| 516 | _aElectronic text | ||
| 653 | _aAbandoned houses -- Fiction | ||
| 653 | _aGirls -- Juvenile fiction | ||
| 700 | 1 | _aSquires, C. Clyde | |
| 830 | 0 |
_aProject Gutenberg _v30905 |
|
| 856 | 4 | 0 | _uhttp://www.gutenberg.org/ebooks/30905 |
| 942 | _cEB | ||
| 999 |
_c260160 _d260160 |
||